[Event "Juniorklub 2017"]
[Site "?"]
[Date "2017.11.17"]
[Round "1.1"]
[White "Murin, Pavol"]
[Black "Nedoba, Milan"]
[Result "1-0"]
[BlackElo "1725"]
[WhiteElo "2045"]
[LiveChessVersion "1.4.8"]

1. d4 {[%clk 1:00:56]} d5 {[%clk 1:00:42]} 2. c4 {[%clk 1:01:21]} c6
{[%clk 1:01:07]} 3. Nf3 {[%clk 1:01:45]} Nf6 {[%clk 1:01:30]} 4. Nc3
{[%clk 1:01:42]} Bf5 {[%clk 1:00:33]} 5. cxd5 {[%clk 1:01:47]} cxd5
{[%clk 1:00:53]} 6. Qb3 {[%clk 1:02:01]} b6 {[%clk 0:57:37]} 7. Bg5
{[%clk 0:59:00]} e6 {[%clk 0:55:51]} 8. e3 {[%clk 0:58:21]} Be7 {[%clk 0:55:04]}
9. Bb5+ {[%clk 0:57:19]} Nfd7 {[%clk 0:50:21]} 10. Bf4 {[%clk 0:53:00]} O-O
{[%clk 0:50:13]} 11. O-O {[%clk 0:52:11]} a6 {[%clk 0:45:44]} 12. Qa4
{[%clk 0:49:40]} a5 {[%clk 0:41:00]} 13. Rac1 {[%clk 0:47:34]} g5
{[%clk 0:37:55]} 14. Bg3 {[%clk 0:43:18]} h5 {[%clk 0:36:55]} 15. Ne2
{[%clk 0:40:17]} Ra7 {[%clk 0:34:18]} 16. Rfd1 {[%clk 0:28:59]} h4
{[%clk 0:32:59]} 17. Bxb8 {[%clk 0:28:25]} Nxb8 {[%clk 0:33:17]} 18. Bd3
{[%clk 0:23:51]} Be4 {[%clk 0:25:42]} 19. Bxe4 {[%clk 0:22:14]} dxe4
{[%clk 0:26:06]} 20. Ne5 {[%clk 0:22:11]} Qd6 {[%clk 0:22:48]} 21. Nc3
{[%clk 0:20:17]} Qb4 {[%clk 0:21:36]} 22. Qc2 {[%clk 0:19:40]} f5
{[%clk 0:21:23]} 23. a3 1-0

[Event "Juniorklub 2017"]
[Site "?"]
[Date "2017.11.17"]
[Round "1.2"]
[White "Sevcik, Lubomir"]
[Black "Trangos, Miroslav"]
[Result "1/2-1/2"]
[BlackElo "2019"]
[WhiteElo "1716"]
[LiveChessVersion "1.4.8"]

1. d4 {[%clk 1:00:57]} d5 {[%clk 1:00:43]} 2. c4 {[%clk 1:01:23]} e6
{[%clk 1:00:45]} 3. Nc3 {[%clk 1:01:34]} Nf6 {[%clk 1:00:13]} 4. Bg5
{[%clk 1:01:53]} c6 {[%clk 1:00:30]} 5. e3 {[%clk 1:01:30]} Nbd7 {[%clk 1:00:54]}
6. a3 {[%clk 1:00:47]} Be7 {[%clk 0:56:30]} 7. Nf3 {[%clk 1:01:08]} O-O
{[%clk 0:56:06]} 8. Bd3 {[%clk 1:01:32]} b6 {[%clk 0:54:54]} 9. cxd5
{[%clk 1:00:40]} exd5 {[%clk 0:54:41]} 10. O-O {[%clk 0:59:43]} Re8
{[%clk 0:53:58]} 11. Qc2 {[%clk 0:59:31]} Bb7 {[%clk 0:53:06]} 12. b4
{[%clk 0:59:46]} a5 {[%clk 0:50:44]} 13. Qb3 {[%clk 0:57:18]} Nh5
{[%clk 0:44:38]} 14. Bxe7 {[%clk 0:55:04]} Rxe7 {[%clk 0:43:00]} 15. Qc2
{[%clk 0:51:00]} Nhf6 {[%clk 0:41:12]} 16. Rfc1 {[%clk 0:47:42]} axb4
{[%clk 0:38:03]} 17. axb4 {[%clk 0:47:54]} Rxa1 {[%clk 0:38:28]} 18. Rxa1
{[%clk 0:48:10]} c5 {[%clk 0:38:29]} 19. bxc5 {[%clk 0:47:13]} bxc5
{[%clk 0:38:52]} 20. Qb1 {[%clk 0:43:09]} Bc6 {[%clk 0:37:01]} 21. Ra6
{[%clk 0:39:52]} Nb8 {[%clk 0:32:51]} 22. Ne5 {[%clk 0:33:43]} Rb7
{[%clk 0:30:51]} 23. Qa2 {[%clk 0:29:45]} Be8 {[%clk 0:28:15]} 24. Ra8
{[%clk 0:28:28]} c4 {[%clk 0:28:04]} 25. Bc2 {[%clk 0:25:31]} Qb6
{[%clk 0:26:54]} 26. Na4 {[%clk 0:24:23]} Bxa4 {[%clk 0:24:31]} 27. Qxa4
{[%clk 0:23:38]} Qb1+ {[%clk 0:24:29]} 28. Bd1 {[%clk 0:23:36]} Rb4
{[%clk 0:22:47]} 29. Qc2 {[%clk 0:16:08]} Rb2 {[%clk 0:22:17]} 30. Qxb1
{[%clk 0:16:33]} Rxb1 {[%clk 0:22:42]} 31. g4 {[%clk 0:16:58]} Rxd1+
{[%clk 0:22:42]} 32. Kg2 {[%clk 0:17:24]} Rb1 {[%clk 0:23:04]} 33. g5
{[%clk 0:17:44]} Ne4 {[%clk 0:16:46]} 34. Nc6 {[%clk 0:16:05]} Rb2
{[%clk 0:12:59]} 35. Nxb8 {[%clk 0:15:19]} Rxf2+ {[%clk 0:13:20]} 36. Kg1
{[%clk 0:14:59]} g6 {[%clk 0:12:09]} 37. Nd7+ {[%clk 0:15:04]} Kg7
{[%clk 0:12:29]} 38. Nf6 {[%clk 0:15:00]} Rxf6 {[%clk 0:12:47]} 39. gxf6+
{[%clk 0:15:15]} Kxf6 {[%clk 0:12:33]} 40. Ra6+ {[%clk 0:12:53]} Kf5
{[%clk 0:10:54]} 41. Kg2 {[%clk 0:12:31]} g5 {[%clk 0:09:53]} 42. Ra7
{[%clk 0:12:15]} Ke6 {[%clk 0:06:18]} 43. Ra6+ {[%clk 0:10:54]} Kf5
{[%clk 0:06:14]} 44. Ra7 {[%clk 0:11:14]} Ke6 {[%clk 0:06:42]} 45. Ra6+
{[%clk 0:11:31]} Kf5 {[%clk 0:07:09]} 46. Ra7 {[%clk 0:11:21]} Nd6
{[%clk 0:07:26]} 47. Kf3 {[%clk 0:10:15]} h5 {[%clk 0:07:22]} 48. Re7
{[%clk 0:09:10]} f6 {[%clk 0:06:03]} 49. Rd7 {[%clk 0:08:34]} Ke6
{[%clk 0:04:49]} 50. Rh7 {[%clk 0:08:25]} h4 {[%clk 0:02:53]} 51. Rc7
{[%clk 0:06:37]} Kf5 {[%clk 0:01:56]} 52. Rd7 {[%clk 0:06:11]} g4+
{[%clk 0:01:53]} 53. Ke2 {[%clk 0:05:23]} Ke6 {[%clk 0:01:54]} 54. Rh7
{[%clk 0:04:02]} h3 {[%clk 0:01:46]} 55. Rh5 {[%clk 0:03:38]} Ne4
{[%clk 0:01:39]} 56. Rh7 {[%clk 0:03:41]} c3 {[%clk 0:01:31]} 57. Kd1
{[%clk 0:02:59]} g3 {[%clk 0:01:17]} 58. hxg3 {[%clk 0:02:31]} Kf5
{[%clk 0:00:49]} 59. Rh4 {[%clk 0:02:21]} Nxg3 {[%clk 0:00:41]} 60. Rxh3
{[%clk 0:02:33]} Kg4 {[%clk 0:00:40]} 61. Rh6 {[%clk 0:01:54]} Kf3
{[%clk 0:00:41]} 62. Rh3 {[%clk 0:02:07]} Kg4 {[%clk 0:01:00]} 63. Rh6
{[%clk 0:02:31]} Kf3 {[%clk 0:01:27]} 64. Rh3 {[%clk 0:02:51]} Kg2
{[%clk 0:01:50]} 65. Rh6 {[%clk 0:02:29]} f5 {[%clk 0:02:12]} 66. Rd6
{[%clk 0:02:47]} Nf1 {[%clk 0:02:30]} 67. Kc2 {[%clk 0:03:01]} Nxe3+
{[%clk 0:02:06]} 68. Kxc3 {[%clk 0:03:17]} Kf3 {[%clk 0:02:22]} 69. Kd3
{[%clk 0:03:26]} Ng2 {[%clk 0:02:27]} 70. Rf6 {[%clk 0:02:38]} Nf4+
{[%clk 0:02:49]} 71. Kd2 {[%clk 0:02:21]} Ke4 {[%clk 0:03:05]} 72. Rf8
{[%clk 0:02:29]} Ng6 {[%clk 0:02:15]} 73. Rf6 {[%clk 0:02:31]} Nf4
{[%clk 0:01:59]} 74. Rf8 {[%clk 0:02:53]} Ng6 {[%clk 0:01:44]} 75. Rf6
{[%clk 0:03:17]} Nf4 1/2-1/2

[Event "Juniorklub 2017"]
[Site "?"]
[Date "2017.11.17"]
[Round "1.3"]
[White "Simo, Marian"]
[Black "Vinarcik, Milan"]
[Result "1-0"]
[BlackElo "1667"]
[WhiteElo "1974"]
[LiveChessVersion "1.4.8"]

1. e4 {[%clk 1:00:57]} c5 {[%clk 1:00:47]} 2. Nf3 {[%clk 1:01:21]} Nc6
{[%clk 1:00:48]} 3. Bb5 {[%clk 1:00:26]} Qc7 {[%clk 1:00:31]} 4. O-O
{[%clk 1:00:20]} a6 {[%clk 0:59:47]} 5. Bxc6 {[%clk 0:58:50]} Qxc6
{[%clk 0:59:09]} 6. d4 {[%clk 0:56:30]} d6 {[%clk 0:58:48]} 7. dxc5
{[%clk 0:55:30]} Qxc5 {[%clk 0:58:15]} 8. Be3 {[%clk 0:52:43]} Qc7
{[%clk 0:55:07]} 9. Nc3 {[%clk 0:52:09]} Nf6 {[%clk 0:54:12]} 10. Nd4
{[%clk 0:48:55]} e5 {[%clk 0:53:19]} 11. Nde2 {[%clk 0:48:12]} Be7
{[%clk 0:50:28]} 12. a4 {[%clk 0:47:59]} Be6 {[%clk 0:48:48]} 13. h3
{[%clk 0:43:57]} O-O {[%clk 0:47:57]} 14. f4 {[%clk 0:40:17]} exf4
{[%clk 0:45:10]} 15. Nxf4 {[%clk 0:38:59]} Qc4 {[%clk 0:43:08]} 16. Bd4
{[%clk 0:35:17]} Qc6 {[%clk 0:38:47]} 17. Nfd5 {[%clk 0:22:43]} Bxd5
{[%clk 0:35:57]} 18. Bxf6 {[%clk 0:22:45]} Bxf6 {[%clk 0:35:46]} 19. Nxd5
{[%clk 0:17:42]} Qc5+ {[%clk 0:32:30]} 20. Kh1 {[%clk 0:18:03]} Be5
{[%clk 0:30:29]} 21. Rf5 {[%clk 0:10:08]} f6 {[%clk 0:27:46]} 22. Ne7+
{[%clk 0:06:51]} Kf7 {[%clk 0:24:49]} 23. Nd5 {[%clk 0:07:16]} g6
{[%clk 0:22:35]} 24. Rf1 {[%clk 0:06:47]} Kg7 {[%clk 0:21:29]} 25. Qd3
{[%clk 0:04:30]} Rf7 {[%clk 0:21:04]} 26. c3 {[%clk 0:03:16]} Rc8
{[%clk 0:20:17]} 27. Qd2 {[%clk 0:02:13]} Qc4 {[%clk 0:19:51]} 28. Nb6
{[%clk 0:02:31]} Qc7 {[%clk 0:16:51]} 29. Nxc8 {[%clk 0:02:59]} Qxc8
{[%clk 0:16:53]} 30. Qd5 {[%clk 0:03:18]} Qc7 {[%clk 0:15:14]} 31. Rab1
{[%clk 0:03:25]} Qb6 {[%clk 0:15:19]} 32. Rf3 {[%clk 0:02:56]} a5
{[%clk 0:13:45]} 33. b4 {[%clk 0:02:50]} axb4 {[%clk 0:12:27]} 34. Rxb4
{[%clk 0:02:52]} Qa6 {[%clk 0:12:42]} 35. Qb5 {[%clk 0:03:11]} Qa8
{[%clk 0:12:37]} 36. Rd3 {[%clk 0:02:51]} Qc8 {[%clk 0:12:25]} 37. c4
{[%clk 0:03:03]} Qc7 {[%clk 0:12:31]} 38. Rdb3 {[%clk 0:03:09]} Qc8
{[%clk 0:11:56]} 39. Qd5 {[%clk 0:03:35]} f5 {[%clk 0:09:46]} 40. Rxb7
{[%clk 0:03:38]} Rxb7 {[%clk 0:09:11]} 41. Qxb7+ {[%clk 0:03:42]} Qxb7
{[%clk 0:09:32]} 42. Rxb7+ {[%clk 0:04:05]} Kh6 {[%clk 0:09:59]} 43. exf5
{[%clk 0:04:29]} gxf5 {[%clk 0:09:27]} 44. a5 {[%clk 0:04:43]} Bd4
{[%clk 0:09:55]} 45. Rb6 {[%clk 0:04:40]} Bc5 {[%clk 0:09:57]} 46. Rc6 1-0

[Event "Juniorklub 2017"]
[Site "?"]
[Date "2017.11.17"]
[Round "1.4"]
[White "Turanec, Daniel"]
[Black "Janik, Miroslav"]
[Result "1-0"]
[BlackElo "1968"]
[WhiteElo "1652"]
[LiveChessVersion "1.4.8"]

1. e4 {[%clk 1:00:52]} c5 {[%clk 1:00:47]} 2. Nc3 {[%clk 1:01:16]} Nc6
{[%clk 1:00:58]} 3. f4 {[%clk 1:01:38]} g6 {[%clk 0:59:19]} 4. Nf3
{[%clk 1:01:47]} Bg7 {[%clk 0:59:25]} 5. Be2 {[%clk 1:00:59]} d6 {[%clk 0:59:28]}
6. O-O {[%clk 1:00:48]} e6 {[%clk 0:59:06]} 7. Bb5 {[%clk 1:00:39]} Nge7
{[%clk 0:48:05]} 8. d3 {[%clk 0:59:02]} O-O {[%clk 0:43:25]} 9. Bxc6
{[%clk 0:59:09]} Nxc6 {[%clk 0:43:25]} 10. Qe1 {[%clk 0:59:15]} a6
{[%clk 0:41:46]} 11. Qg3 {[%clk 0:59:27]} Nd4 {[%clk 0:41:03]} 12. Nxd4
{[%clk 0:59:46]} Bxd4+ {[%clk 0:41:09]} 13. Be3 {[%clk 0:59:58]} Bg7
{[%clk 0:39:55]} 14. Rab1 {[%clk 0:58:39]} b5 {[%clk 0:39:37]} 15. Ne2
{[%clk 0:59:01]} f5 {[%clk 0:37:57]} 16. e5 {[%clk 0:58:29]} Bb7 {[%clk 0:36:57]}
17. exd6 {[%clk 0:57:15]} Qxd6 {[%clk 0:37:06]} 18. Qf2 {[%clk 0:57:43]} Rac8
{[%clk 0:35:43]} 19. Rfd1 {[%clk 0:57:29]} Qc6 {[%clk 0:35:28]} 20. c3
{[%clk 0:57:29]} Rfd8 {[%clk 0:34:45]} 21. d4 {[%clk 0:57:38]} c4
{[%clk 0:34:22]} 22. Rd2 {[%clk 0:57:31]} Qe8 {[%clk 0:33:39]} 23. Qh4
{[%clk 0:57:24]} Be4 {[%clk 0:33:01]} 24. Re1 {[%clk 0:57:02]} Qc6
{[%clk 0:33:10]} 25. Ng3 {[%clk 0:57:14]} Bd5 {[%clk 0:32:54]} 26. Rf2
{[%clk 0:56:28]} a5 {[%clk 0:33:10]} 27. Bd2 {[%clk 0:56:42]} b4 {[%clk 0:32:46]}
28. Qh3 {[%clk 0:56:00]} Rb8 {[%clk 0:32:46]} 29. Ne2 {[%clk 0:55:46]} Rb7
{[%clk 0:31:30]} 30. Qe3 {[%clk 0:52:21]} Qa4 {[%clk 0:31:14]} 31. Nc1
{[%clk 0:50:55]} Rdb8 {[%clk 0:30:34]} 32. Ree2 {[%clk 0:49:17]} Qc6
{[%clk 0:26:39]} 33. Be1 {[%clk 0:45:54]} h5 {[%clk 0:26:44]} 34. Rc2
{[%clk 0:45:29]} Bf6 {[%clk 0:25:16]} 35. Rf1 {[%clk 0:45:12]} Be4
{[%clk 0:25:27]} 36. Re2 {[%clk 0:45:25]} Kg7 {[%clk 0:25:11]} 37. h3
{[%clk 0:45:48]} Rh8 {[%clk 0:24:48]} 38. g3 {[%clk 0:45:05]} Bd5
{[%clk 0:24:41]} 39. Rh2 {[%clk 0:45:23]} h4 {[%clk 0:23:37]} 40. g4
{[%clk 0:44:29]} fxg4 {[%clk 0:23:51]} 41. hxg4 {[%clk 0:44:55]} bxc3
{[%clk 0:17:25]} 42. Bxc3 {[%clk 0:43:30]} Kg8 {[%clk 0:16:23]} 43. a3
{[%clk 0:41:28]} h3 {[%clk 0:15:50]} 44. g5 {[%clk 0:41:35]} Bd8 {[%clk 0:15:51]}
45. Ne2 {[%clk 0:41:50]} Bg2 {[%clk 0:15:45]} 46. Rf2 {[%clk 0:42:04]} Qd5
{[%clk 0:15:44]} 47. f5 {[%clk 0:41:34]} Bc7 {[%clk 0:14:10]} 48. fxe6
{[%clk 0:40:52]} Bxh2+ {[%clk 0:14:22]} 49. Kxh2 {[%clk 0:41:16]} Re7
{[%clk 0:12:41]} 50. Nf4 {[%clk 0:41:24]} Qxg5 {[%clk 0:12:25]} 51. d5
{[%clk 0:41:38]} Rh4 {[%clk 0:06:20]} 52. d6 {[%clk 0:40:13]} Bc6
{[%clk 0:02:54]} 53. dxe7 {[%clk 0:39:58]} Rg4 {[%clk 0:02:07]} 54. e8=Q+
{[%clk 0:39:34]} Bxe8 {[%clk 0:02:27]} 55. e7 {[%clk 0:39:58]} Rg1
{[%clk 0:01:30]} 56. Qe6+ {[%clk 0:40:04]} Kh7 {[%clk 0:01:44]} 57. Qxh3+
{[%clk 0:40:29]} 1-0

[Event "Juniorklub 2017"]
[Site "?"]
[Date "2017.11.17"]
[Round "1.5"]
[White "Baleja, Marian"]
[Black "Kunzo, Slavomir"]
[Result "1-0"]
[BlackElo "1650"]
[WhiteElo "1929"]
[LiveChessVersion "1.4.8"]

1. e4 {[%clk 1:00:56]} e6 {[%clk 1:00:52]} 2. d4 {[%clk 1:01:03]} d5
{[%clk 1:01:16]} 3. Nc3 {[%clk 1:00:49]} Bb4 {[%clk 1:00:18]} 4. e5
{[%clk 1:00:14]} Ne7 {[%clk 0:56:32]} 5. Qg4 {[%clk 0:53:25]} Nf5
{[%clk 0:52:13]} 6. Bg5 {[%clk 0:46:22]} Qd7 {[%clk 0:50:17]} 7. Bd3
{[%clk 0:43:35]} c5 {[%clk 0:47:24]} 8. a3 {[%clk 0:31:02]} cxd4 {[%clk 0:45:26]}
9. axb4 {[%clk 0:31:20]} dxc3 {[%clk 0:44:38]} 10. bxc3 {[%clk 0:30:29]} Nc6
{[%clk 0:43:37]} 11. Nf3 {[%clk 0:29:06]} O-O {[%clk 0:35:02]} 12. Bf6
{[%clk 0:22:49]} Nce7 {[%clk 0:31:14]} 13. Bxf5 {[%clk 0:10:34]} Ng6
{[%clk 0:16:52]} 14. Bd3 {[%clk 0:05:09]} gxf6 {[%clk 0:15:47]} 15. exf6
{[%clk 0:05:37]} e5 {[%clk 0:15:39]} 16. Qh5 {[%clk 0:04:39]} Qe6
{[%clk 0:13:55]} 17. Ng5 {[%clk 0:04:44]} Rd8 {[%clk 0:11:54]} 18. Qxh7+
{[%clk 0:05:01]} Kf8 {[%clk 0:12:08]} 19. Nxe6+ {[%clk 0:03:29]} Bxe6
{[%clk 0:11:14]} 20. Bxg6 {[%clk 0:02:33]} Ke8 {[%clk 0:11:42]} 21. Bf5
{[%clk 0:02:00]} Bxf5 {[%clk 0:11:28]} 22. Qxf5 {[%clk 0:02:04]} e4
{[%clk 0:11:41]} 23. O-O-O {[%clk 0:02:02]} a5 {[%clk 0:11:43]} 24. Qe5+
{[%clk 0:02:02]} Kf8 {[%clk 0:12:04]} 25. Rxd5 {[%clk 0:00:44]} Re8
{[%clk 0:12:19]} 26. Qd6+ {[%clk 0:01:04]} Kg8 {[%clk 0:12:47]} 27. Qg3+
{[%clk 0:01:24]} Kf8 {[%clk 0:12:57]} 28. Qg7# {[%clk 0:01:50]} 1-0

[Event "Juniorklub 2017"]
[Site "?"]
[Date "2017.11.17"]
[Round "1.6"]
[White "Simonova, Stela"]
[Black "Sibrava, Patrik"]
[Result "1/2-1/2"]
[BlackElo "1823"]
[WhiteElo "1643"]
[LiveChessVersion "1.4.8"]

1. d4 {[%clk 1:00:51]} f5 {[%clk 1:00:49]} 2. Bf4 {[%clk 1:00:40]} Nf6
{[%clk 1:00:42]} 3. Nf3 {[%clk 1:00:15]} e6 {[%clk 1:00:46]} 4. e3
{[%clk 1:00:08]} d5 {[%clk 1:00:59]} 5. Bd3 {[%clk 0:55:57]} c6 {[%clk 1:00:54]}
6. c3 {[%clk 0:54:26]} Bd6 {[%clk 1:00:43]} 7. Bxd6 {[%clk 0:54:38]} Qxd6
{[%clk 1:01:03]} 8. Nbd2 {[%clk 0:53:00]} O-O {[%clk 1:01:04]} 9. Ne5
{[%clk 0:44:59]} Nbd7 {[%clk 0:59:46]} 10. Ndf3 {[%clk 0:41:48]} b6
{[%clk 0:55:14]} 11. Qe2 {[%clk 0:37:43]} Ne4 {[%clk 0:49:32]} 12. Nxd7
{[%clk 0:34:23]} Bxd7 {[%clk 0:48:25]} 13. Ne5 {[%clk 0:34:13]} g6
{[%clk 0:43:47]} 14. Bc2 {[%clk 0:31:57]} a5 {[%clk 0:39:38]} 15. a3
{[%clk 0:29:55]} a4 {[%clk 0:32:01]} 16. f3 {[%clk 0:28:01]} Nf6 {[%clk 0:31:30]}
17. Rc1 {[%clk 0:25:45]} b5 {[%clk 0:28:52]} 18. Qd2 {[%clk 0:22:43]} Rad8
{[%clk 0:24:55]} 19. Rf1 {[%clk 0:16:29]} Kg7 {[%clk 0:22:55]} 20. Rf2
{[%clk 0:14:45]} c5 {[%clk 0:21:03]} 21. h3 {[%clk 0:12:41]} c4 {[%clk 0:21:03]}
22. Rf1 {[%clk 0:11:04]} Bc6 {[%clk 0:18:59]} 23. Qf2 {[%clk 0:10:02]} Bb7
{[%clk 0:18:08]} 24. Rg1 {[%clk 0:09:24]} Nd7 {[%clk 0:16:07]} 25. Nxd7
{[%clk 0:09:24]} Rxd7 {[%clk 0:15:53]} 26. f4 {[%clk 0:09:28]} Qe7
{[%clk 0:15:41]} 27. Qg3 {[%clk 0:08:39]} Qf6 {[%clk 0:15:32]} 28. Kd2
{[%clk 0:08:06]} h6 {[%clk 0:14:07]} 29. h4 {[%clk 0:07:21]} Rg8 {[%clk 0:13:10]}
30. Qh2 {[%clk 0:05:56]} Kf7 {[%clk 0:09:56]} 31. g3 {[%clk 0:05:09]} Rdd8
{[%clk 0:09:05]} 32. Rcf1 {[%clk 0:04:40]} Rh8 {[%clk 0:09:09]} 33. Qf2
{[%clk 0:04:21]} Rdg8 {[%clk 0:08:38]} 34. Rh1 {[%clk 0:04:08]} Ke7
{[%clk 0:08:44]} 35. Rfg1 {[%clk 0:04:10]} g5 {[%clk 0:08:24]} 36. Bd1
{[%clk 0:03:26]} Kd7 {[%clk 0:08:05]} 37. Bc2 {[%clk 0:03:11]} Bc6
{[%clk 0:08:09]} 38. Bd1 {[%clk 0:02:59]} g4 {[%clk 0:06:56]} 39. Bc2
{[%clk 0:02:56]} h5 {[%clk 0:07:20]} 40. Re1 {[%clk 0:03:00]} Ra8
{[%clk 0:07:36]} 41. Qe2 {[%clk 0:01:57]} Qe7 {[%clk 0:07:45]} 42. Ra1
{[%clk 0:02:00]} Kc7 {[%clk 0:07:54]} 43. Rhc1 {[%clk 0:01:56]} Qd6
{[%clk 0:07:38]} 44. Qf2 {[%clk 0:01:51]} Ra6 {[%clk 0:07:52]} 45. Ke2
{[%clk 0:01:31]} Rha8 {[%clk 0:07:58]} 46. Qe1 {[%clk 0:01:34]} Bd7
{[%clk 0:08:04]} 47. Kf1 {[%clk 0:00:59]} 1/2-1/2

[Event "Juniorklub 2017"]
[Site "?"]
[Date "2017.11.17"]
[Round "1.7"]
[White "Onderco, Peter"]
[Black "Majirska, Karin"]
[Result "1-0"]
[BlackElo "1588"]
[WhiteElo "1815"]
[LiveChessVersion "1.4.8"]

1. e4 {[%clk 1:00:56]} d5 {[%clk 0:58:53]} 2. exd5 {[%clk 1:00:59]} Qxd5
{[%clk 0:59:15]} 3. Nc3 {[%clk 1:00:59]} Qd6 {[%clk 0:59:32]} 4. Nf3
{[%clk 1:01:05]} Nf6 {[%clk 0:57:59]} 5. Be2 {[%clk 1:01:03]} a6 {[%clk 0:56:56]}
6. O-O {[%clk 1:00:05]} Nc6 {[%clk 0:56:14]} 7. h3 {[%clk 1:00:11]} Bf5
{[%clk 0:51:30]} 8. d3 {[%clk 0:59:38]} h6 {[%clk 0:44:55]} 9. a3
{[%clk 0:59:32]} O-O-O {[%clk 0:40:46]} 10. b4 {[%clk 0:59:22]} Nh7
{[%clk 0:28:47]} 11. b5 {[%clk 0:57:53]} axb5 {[%clk 0:26:50]} 12. Nxb5
{[%clk 0:58:20]} Qd7 {[%clk 0:21:27]} 13. Bf4 {[%clk 0:57:11]} e5
{[%clk 0:14:53]} 14. Bg3 {[%clk 0:46:35]} f6 {[%clk 0:12:26]} 15. Nh4
{[%clk 0:45:10]} Be6 {[%clk 0:09:14]} 16. Ng6 {[%clk 0:41:24]} Rg8
{[%clk 0:08:59]} 17. Nxf8 {[%clk 0:41:50]} Rdxf8 {[%clk 0:08:32]} 18. Bf3
{[%clk 0:41:47]} Bd5 {[%clk 0:07:04]} 19. Bxd5 {[%clk 0:35:38]} Qxd5
{[%clk 0:07:22]} 20. a4 {[%clk 0:36:05]} Ng5 {[%clk 0:05:18]} 21. Qb1
{[%clk 0:33:11]} Ne6 {[%clk 0:03:01]} 22. a5 {[%clk 0:32:27]} Nc5
{[%clk 0:01:39]} 23. Qa2 {[%clk 0:27:22]} Qxa2 {[%clk 0:01:23]} 24. Rxa2
{[%clk 0:27:49]} Kd7 {[%clk 0:01:04]} 25. f4 {[%clk 0:22:30]} Re8
{[%clk 0:00:35]} 26. fxe5 {[%clk 0:20:45]} fxe5 {[%clk 0:00:35]} 27. Bf2
{[%clk 0:21:00]} Na6 {[%clk 0:00:34]} 28. Rd1 {[%clk 0:19:48]} Kc8
{[%clk 0:00:32]} 29. Na7+ {[%clk 0:19:09]} Nxa7 {[%clk 0:00:41]} 30. Bxa7
{[%clk 0:19:37]} Rd8 {[%clk 0:00:34]} 31. Ra4 {[%clk 0:19:47]} Rge8
{[%clk 0:00:32]} 32. Re1 {[%clk 0:18:46]} Rd5 {[%clk 0:00:33]} 33. d4
{[%clk 0:16:50]} Kd8 {[%clk 0:00:34]} 34. c4 {[%clk 0:16:17]} Rd7
{[%clk 0:00:31]} 35. Rxe5 {[%clk 0:15:44]} Rxe5 {[%clk 0:00:34]} 36. dxe5
{[%clk 0:16:12]} Re7 {[%clk 0:00:32]} 37. Bd4 {[%clk 0:15:46]} Kd7
{[%clk 0:00:33]} 38. Ra3 {[%clk 0:15:17]} c6 {[%clk 0:00:33]} 39. Kf2
{[%clk 0:14:32]} Nc7 {[%clk 0:00:33]} 40. Rb3 {[%clk 0:13:50]} Kc8
{[%clk 0:00:40]} 41. Rg3 {[%clk 0:12:16]} Ne6 {[%clk 0:00:33]} 42. Bc3
{[%clk 0:12:41]} Kd7 {[%clk 0:00:32]} 43. Ke3 {[%clk 0:12:13]} Nc5
{[%clk 0:00:33]} 44. Bb4 {[%clk 0:11:18]} Rxe5+ {[%clk 0:00:40]} 45. Kd4
{[%clk 0:11:46]} Kd6 {[%clk 0:00:39]} 46. Rg6+ {[%clk 0:11:47]} Re6
{[%clk 0:00:35]} 47. Rxe6+ {[%clk 0:12:00]} Kxe6 {[%clk 0:00:53]} 48. Kxc5
{[%clk 0:12:20]} Kd7 {[%clk 0:01:03]} 49. Kb6 {[%clk 0:12:35]} Kc8
{[%clk 0:01:15]} 50. Bf8 {[%clk 0:12:55]} 1-0

[Event "Juniorklub 2017"]
[Site "?"]
[Date "2017.11.17"]
[Round "1.8"]
[White "Nosak, Alexander"]
[Black "Haban, Peter"]
[Result "0-1"]
[BlackElo "1814"]
[WhiteElo "1556"]
[LiveChessVersion "1.4.8"]

1. e4 {[%clk 1:00:54]} d6 {[%clk 1:00:41]} 2. d4 {[%clk 1:00:57]} g6
{[%clk 1:00:52]} 3. c4 {[%clk 1:00:37]} Bg7 {[%clk 1:01:12]} 4. Nc3
{[%clk 1:00:24]} Nf6 {[%clk 1:00:53]} 5. Nf3 {[%clk 0:59:38]} O-O
{[%clk 1:00:36]} 6. Be2 {[%clk 0:58:54]} c5 {[%clk 0:58:51]} 7. dxc5
{[%clk 0:58:06]} dxc5 {[%clk 0:58:49]} 8. Qxd8 {[%clk 0:58:03]} Rxd8
{[%clk 0:59:11]} 9. Be3 {[%clk 0:57:58]} Na6 {[%clk 0:58:40]} 10. O-O
{[%clk 0:58:00]} Bd7 {[%clk 0:57:36]} 11. a3 {[%clk 0:57:02]} Bc6
{[%clk 0:57:31]} 12. Nd2 {[%clk 0:57:11]} b6 {[%clk 0:53:00]} 13. f3
{[%clk 0:54:26]} Nc7 {[%clk 0:53:00]} 14. Rfd1 {[%clk 0:51:37]} Ne6
{[%clk 0:51:04]} 15. Nb3 {[%clk 0:50:49]} Ne8 {[%clk 0:49:46]} 16. Rac1
{[%clk 0:47:54]} Nd4 {[%clk 0:48:01]} 17. Bxd4 {[%clk 0:46:35]} cxd4
{[%clk 0:47:23]} 18. Nd5 {[%clk 0:46:05]} Ba4 {[%clk 0:47:08]} 19. Rd3
{[%clk 0:46:12]} e6 {[%clk 0:45:25]} 20. Nf4 {[%clk 0:43:20]} Rac8
{[%clk 0:44:57]} 21. Bd1 {[%clk 0:42:22]} Bh6 {[%clk 0:42:59]} 22. g3
{[%clk 0:39:23]} e5 {[%clk 0:43:03]} 23. Nd5 {[%clk 0:39:39]} Bxc1
{[%clk 0:41:19]} 24. Ne7+ {[%clk 0:40:04]} Kf8 {[%clk 0:41:22]} 25. Nxc8
{[%clk 0:40:29]} Be3+ {[%clk 0:41:27]} 26. Kf1 {[%clk 0:39:45]} Rxc8
{[%clk 0:41:50]} 27. Be2 {[%clk 0:39:09]} Nd6 {[%clk 0:41:07]} 28. Nd2
{[%clk 0:38:21]} Bc2 {[%clk 0:41:04]} 29. Rxe3 {[%clk 0:38:41]} dxe3
{[%clk 0:41:14]} 0-1

[Event "Juniorklub 2017"]
[Site "?"]
[Date "2017.11.17"]
[Round "1.9"]
[White "Franko, Ondrej"]
[Black "Gartner, Mikulas"]
[Result "1-0"]
[BlackElo "1540"]
[WhiteElo "1809"]
[LiveChessVersion "1.4.8"]

1. e4 {[%clk 1:00:55]} e5 {[%clk 1:00:50]} 2. Nf3 {[%clk 1:01:21]} Nc6
{[%clk 1:01:03]} 3. Bb5 {[%clk 1:01:48]} d6 {[%clk 1:01:17]} 4. d4
{[%clk 1:02:13]} exd4 {[%clk 1:00:56]} 5. Qxd4 {[%clk 1:02:38]} Bd7
{[%clk 1:00:35]} 6. Bxc6 {[%clk 1:03:03]} Bxc6 {[%clk 1:00:36]} 7. Nc3
{[%clk 1:03:28]} Nf6 {[%clk 0:59:36]} 8. Bg5 {[%clk 1:03:53]} Be7
{[%clk 0:59:28]} 9. O-O-O {[%clk 1:04:17]} O-O {[%clk 0:58:10]} 10. Rhe1
{[%clk 1:04:09]} Re8 {[%clk 0:55:57]} 11. Qd2 {[%clk 1:00:43]} b5
{[%clk 0:53:33]} 12. Nd4 {[%clk 1:00:26]} Qd7 {[%clk 0:49:41]} 13. Nf5
{[%clk 0:45:53]} b4 {[%clk 0:44:26]} 14. Nxe7+ {[%clk 0:46:15]} Rxe7
{[%clk 0:41:59]} 15. Bxf6 {[%clk 0:45:43]} gxf6 {[%clk 0:42:00]} 16. Re3
{[%clk 0:39:42]} Qe6 {[%clk 0:35:56]} 17. Nd5 {[%clk 0:38:15]} Rd7
{[%clk 0:31:19]} 18. Rg3+ {[%clk 0:37:54]} Kh8 {[%clk 0:29:50]} 19. Qh6
{[%clk 0:38:15]} Rg8 {[%clk 0:29:21]} 20. Nxf6 {[%clk 0:38:19]} Bxe4
{[%clk 0:27:26]} 21. Rxg8# 1-0